Can you name the winningest goalies in NHL history? - Statistics

General Stats
  • This quiz has been taken 67 times
    26 since last reset
  • The average score is 19 of 39
Answer Stats
Wins Goalie % Correct
551 Patrick Roy
100%
691 Martin Brodeur
88%
551* Marc-Andre Fleury
84%
403 Grant Fuhr
76%
305 Billy Smith
72%
389 Dominik Hasek
68%
459 Henrik Lundqvist
68%
437 Jacques Plante
64%
384* Jonathan Quick
64%
361* Carey Price
60%
484 Ed Belfour
60%
301 Mike Richter
56%
489 Roberto Luongo
56%
423 Tony Esposito
56%
401 Chris Osgood
52%
319 Mikka Kiprusoff
52%
445 Terry Sawchuk
52%
454 Curtis Joseph
48%
407 Glenn Hall
48%
385 Mike Vernon
48%
360* Sergei Bobrovsky
48%
308 Tukka Rask
48%
372 Andy Moog
44%
319 Craig Anderson
44%
374 John Vanbiesbrouck
44%
369 Tom Barrasso
44%
353 Evgeni Nabokov
40%
333 Nikolai Khabibulin
40%
335 Gump Worsley
36%
303 Olaf Kolzig
36%
369 Pekka Rinne
36%
302 Turk Broda
36%
355 Rogie Vachon
32%
391 Ryan Miller
32%
334 Cam Ward
28%
300 Tomas Vokoun
24%
310 Kari Lehtonen
20%
324 Sean Burke
20%
330 Harry Lumley
12%
No matching quizzes found
Score Distribution
Percent of People with Each Score
Percentile by Number Answered
Your Score History
You have not taken this quiz since the last reset